书目信息 |
| 题名: |
中国民歌三百首
|
|
| 作者: | 周小泉 编 | |
| 分册: | 上册 汉族民歌 | |
| 出版信息: | 北京 人民音乐出版社 2005 |
|
| 页数: | 378页 | |
| 开本: | 30cm | |
| 丛书名: | ||
| 单 册: | ||
| 中图分类: | J642.2 , J642.211.1 | |
| 科图分类: | ||
| 主题词: | 民歌--中国--选集 , 汉族--民歌--中国--选集 , 汉族 , 民歌 | |
| 电子资源: | ||
| ISBN: | 7-103-02999-7 | |
| 000 | 00879nam0 2200277 450 | |
| 001 | 003065680 | |
| 005 | 20070805180707.71 | |
| 010 | @a7-103-02999-7@dCNY47.00 | |
| 100 | @a20060104d2005 em y0chiy0110 ea | |
| 101 | 0 | @achi@aeng |
| 102 | @aCN@b110000 | |
| 105 | @ag z 001yy | |
| 200 | 1 | @a中国民歌三百首@9zhong guo min ge san bai shou@h上册@i汉族民歌@d300 Chinese folksongs@f周小泉编@zeng |
| 210 | @a北京@c人民音乐出版社@d2005 | |
| 215 | @a378页@d30cm | |
| 330 | @a本书共收录了129首汉族民歌,包括:《想亲亲》、《红彩妹妹》、《小路》、《满打满算数上哥哥你》等。 | |
| 510 | 1 | @a300 Chinese folksongs@zeng |
| 606 | 0 | @a民歌@y中国@j选集 |
| 606 | 0 | @a汉族@x民歌@y中国@j选集 |
| 606 | 0 | @a汉族 |
| 606 | 0 | @a民歌 |
| 690 | @aJ642.2@v4 | |
| 690 | @aJ642.211.1@v4 | |
| 701 | 0 | @a周小泉@9zhou xiao quan@4编 |
| 801 | 0 | @aCN@bNLC@c20070805 |
| 905 | @a10447@dJ642.2@e223:1 | |
| 中国民歌三百首.上册.汉族民歌=300 Chinese folksongs/周小泉编.-北京:人民音乐出版社,2005 |
| 378页;30cm |
| ISBN 7-103-02999-7:CNY47.00 |
| 本书共收录了129首汉族民歌,包括:《想亲亲》、《红彩妹妹》、《小路》、《满打满算数上哥哥你》等。 |
| ● |
| 相关链接 |
|
|
|
|
正题名:中国民歌三百首
索取号:J642.2/223:1
 
预约/预借
| 序号 | 登录号 | 条形码 | 馆藏地/架位号 | 状态 | 备注 |
| 1 | 0805489 | 208054898 | 第一样本阅览室/ [索取号:J642.2/223:1] | 在馆 | |
| 2 | 0805490 | 208054905 | 第一借阅区/ [索取号:J642.2/223:1] | 在馆 | |
| 3 | 0805491 | 208054914 | 第一借阅区/ [索取号:J642.2/223:1] | 在馆 | |
| 4 | 0805492 | 208054923 | 第一借阅区/ [索取号:J642.2/223:1] | 在馆 | |
| 5 | 0805493 | 208054932 | 密集书库-音乐系/ [索取号:J642.2/223:1] | 在馆 |